Современные проблемы электроэнергетики: учебное пособие
| 主要作者: | |
|---|---|
| 企业作者: | |
| 总结: | Заглавие с титульного экрана Электронная версия печатной публикации В пособии рассмотрены: краткая история становления и развития электроэнергетики и её современное состояние; проблемы обеспечения энергетики первичными ресурсами; производство, передача и накопление электроэнергии; экологические проблемы, обусловленные ростом производства и потребления энергии; геополитические и социальные угрозы, связанные с энергообеспечением. Акцент сделан на проблемах и способах их преодоления на всех этапах жизненного цикла энергоресурсов - от поиска, разведки и добычи сырья до потребления электрической и тепловой энергии. Адресовано магистрантам, изучающим курс "Современные проблемы электроэнергетики", а также аспирантам, научным сотрудникам и специалистам, занимающимся проблемами энергетики и смежных с ней областей. Режим доступа: из корпоративной сети ТПУ |
| 语言: | 俄语 |
| 出版: |
Томск, Изд-во ТПУ, 2014
|
| 主题: | |
| 在线阅读: | http://www.lib.tpu.ru/fulltext2/m/2015/m191.pdf |
| 格式: | 电子 图书 |
| KOHA link: | https://koha.lib.tpu.ru/cgi-bin/koha/opac-detail.pl?biblionumber=296912 |
MARC
| LEADER | 00000nlm0a2200000 4500 | ||
|---|---|---|---|
| 001 | 296912 | ||
| 005 | 20240115100939.0 | ||
| 035 | |a (RuTPU)RU\TPU\book\322032 | ||
| 035 | |a RU\TPU\book\207420 | ||
| 090 | |a 296912 | ||
| 100 | |a 20150604d2014 m y0rusy50 ca | ||
| 101 | 0 | |a rus | |
| 102 | |a RU | ||
| 105 | |a a j 001zy | ||
| 135 | |a drcn ---uucaa | ||
| 181 | 0 | |a i | |
| 182 | 0 | |a b | |
| 200 | 1 | |a Современные проблемы электроэнергетики |e учебное пособие |f В. Я. Ушаков |g Национальный исследовательский Томский политехнический университет (ТПУ) | |
| 203 | |a Текст |c электронный | ||
| 210 | |a Томск |c Изд-во ТПУ |d 2014 | ||
| 300 | |a Заглавие с титульного экрана | ||
| 300 | |a Электронная версия печатной публикации | ||
| 330 | |a В пособии рассмотрены: краткая история становления и развития электроэнергетики и её современное состояние; проблемы обеспечения энергетики первичными ресурсами; производство, передача и накопление электроэнергии; экологические проблемы, обусловленные ростом производства и потребления энергии; геополитические и социальные угрозы, связанные с энергообеспечением. Акцент сделан на проблемах и способах их преодоления на всех этапах жизненного цикла энергоресурсов - от поиска, разведки и добычи сырья до потребления электрической и тепловой энергии. Адресовано магистрантам, изучающим курс "Современные проблемы электроэнергетики", а также аспирантам, научным сотрудникам и специалистам, занимающимся проблемами энергетики и смежных с ней областей. | ||
| 333 | |a Режим доступа: из корпоративной сети ТПУ | ||
| 337 | |a Adobe Reader | ||
| 452 | 1 | |0 (RuTPU)RU\TPU\book\309630 |y 978-5-4387-0521-5 |t Современные проблемы электроэнергетики |o учебное пособие |f В. Я. Ушаков |g Национальный исследовательский Томский политехнический университет (ТПУ) |c Томск |n Изд-во ТПУ |d 2014 |p 447 с. |a Ушаков, Василий Яковлевич | |
| 606 | 1 | |a Электроэнергетика |2 stltpush |3 (RuTPU)RU\TPU\subj\21036 |9 46086 | |
| 610 | 1 | |a учебные пособия | |
| 610 | 1 | |a труды учёных ТПУ | |
| 610 | 1 | |a электронный ресурс | |
| 610 | 1 | |a современные проблемы | |
| 610 | 1 | |a энергетика | |
| 610 | 1 | |a электроэнергетика | |
| 610 | 1 | |a накопление | |
| 610 | 1 | |a электроэнергия | |
| 610 | 1 | |a экологические проблемы | |
| 610 | 1 | |a энергообеспечение | |
| 610 | 1 | |a энергоресурсы | |
| 610 | 1 | |a тепловая энергия | |
| 610 | 1 | |a электрическая энергия | |
| 610 | 1 | |a энергетические ресурсы | |
| 610 | 1 | |a энергетическое сырье | |
| 610 | 1 | |a топливные ресурсы | |
| 610 | 1 | |a электростанции | |
| 610 | 1 | |a котельные | |
| 610 | 1 | |a органическое топливо | |
| 610 | 1 | |a атомная энергетика | |
| 610 | 1 | |a гидроэнергетика | |
| 610 | 1 | |a перспективная энергетика | |
| 610 | 1 | |a передача энергии | |
| 610 | 1 | |a окружающая среда | |
| 610 | 1 | |a экологическая безопасность | |
| 675 | |a 621.31(075.8) |v 3 | ||
| 700 | 1 | |a Ушаков |b В. Я. |c специалист в области электроэнергетики |c профессор Томского политехнического университета, доктор технических наук |f 1939- |g Василий Яковлевич |3 (RuTPU)RU\TPU\pers\10509 |9 2236 | |
| 712 | 0 | 2 | |a Национальный исследовательский Томский политехнический университет (ТПУ) |b Энергетический институт (ЭНИН) |b Кафедра электрических сетей и электротехники (ЭСиЭ) |3 (RuTPU)RU\TPU\col\18677 |
| 801 | 1 | |a RU |b 63413507 |c 20110120 | |
| 801 | 2 | |a RU |b 63413507 |c 20160615 |g RCR | |
| 856 | 4 | |u http://www.lib.tpu.ru/fulltext2/m/2015/m191.pdf | |
| 942 | |c CF | ||